Jatia kangrasar karnadharsakal (Record no. 2893)
[ view plain ]
| 000 -LEADER | |
|---|---|
| fixed length control field | 00473cam a2200181ua 4500 |
| 008 - FIXED-LENGTH DATA ELEMENTS--GENERAL INFORMATION | |
| fixed length control field | 110922n ii |||gr||||Z||||||asm |
| 040 ## - CATALOGING SOURCE | |
| Transcribing agency | MAIN |
| 082 ## - DEWEY DECIMAL CLASSIFICATION NUMBER | |
| Classification number | 920 |
| 100 ## - MAIN ENTRY--PERSONAL NAME | |
| Personal name | Bhagawati, Bimal, |
| 245 11 - TITLE STATEMENT | |
| Title | Jatia kangrasar karnadharsakal |
| Statement of responsibility, etc. | by Bimal Bhagawati |
| 250 ## - EDITION STATEMENT | |
| Edition statement | 1st. |
| 260 ## - PUBLICATION, DISTRIBUTION, ETC. | |
| Place of publication, distribution, etc. | Guahati: |
| Name of publisher, distributor, etc. | Publication board assam,986. |
| 300 ## - PHYSICAL DESCRIPTION | |
| Extent | 201p: |
| Dimensions | 23cm. |
| 942 ## - ADDED ENTRY ELEMENTS (KOHA) | |
| Koha item type | Books |
| 653 ## - INDEX TERM--UNCONTROLLED | |
| Uncontrolled term | Biography of Jatia kangrasar karnadharsakal |
| 653 ## - INDEX TERM--UNCONTROLLED | |
| Uncontrolled term | Biography |
| Withdrawn status | Lost status | Damaged status | Not for loan | Home library | Current library | Shelving location | Date acquired | Total Checkouts | Full call number | Barcode | Date last seen | Copy number | Price effective from | Koha item type |
|---|---|---|---|---|---|---|---|---|---|---|---|---|---|---|
| Central Library, Naharkatiya College | Central Library, Naharkatiya College | General Stacks | 19/09/2020 | 920 | BHA | 9610 | 19/09/2020 | 2 | 19/09/2020 | Books | |||||
| Central Library, Naharkatiya College | Central Library, Naharkatiya College | General Stacks | 19/09/2020 | 920 | BHA | 9611 | 19/09/2020 | 1 | 19/09/2020 | Books |
